00876nam a2200217Ia 4500003000900000008004100009020001800050040001600068080002300084111009400107245019800201260003000399300001400429490005100443650003700494650002000531700002400551700002600575700002100601710003600622IN-BaIIA211028s9999 xx 000 0 eng d a1-4020-2961-6 cIIA Library a52(082.1)bASS-320 aSummer School and Workshop on Solar Magnetic Phenomenan3rdcAustriad2003 Aug. 25 -Sep 5 0aSolar magnetic phenomenabproceedings of the 3rd Summer school and workshop held in Kanzelhohe, Karnten, Austria, 25 Aug - 5 Sep 2003cedited by A. Hanslmeier, A. Veronig and M. Messerotti  aDordrechtbSpringerc2003 aix, 283p. aAstrophysics and space science library; v. 320 aSolar magnetic fields - congress aSolar radiation aHanslmeier, A., ed. aMesserotti, M., ed.  aVeronig, A., ed. aSonnenobservatorium Kanzelhoohe